LEADER 01406nam a22003014a 4500 001 000000122429 003 CaOOAMICUS 005 20100707124329.0 008 100707t2010 it a 000 u ita r 020 $a978-88-382-4064-5 040 $aPUL$bita$dReb 082 04$a174.9 245 02$aL'interesse del minore tra bioetica e biodiritto /$cA cura di Laura Palazzani. 260 $aRoma :$bStudium,$c©2010. 300 $a226 p. ;$c21 cm. 490 1 $aQuaderni della Libera Universitą "Maria SS. Assunta".$aSezione Centro studi Biogiuridici ;$v006 504 $aBibliografia in nota. 650 4$aMinori$xDiritto e legislazione.$0(OLS)http://pul/subject/8217 650 4$aBioetica$xDiritto.$0(OLS)http://pul/subject/34224 700 1 $aPalazzani, Laura,$d1964-$0(OLS)http://pul/name/35611 830 0$aQuaderni della Libera Universitą "Maria SS. Assunta".$pSezione Centro studi Biogiuridici ;$v006.$0(OLS)http://pul/title/135706 850 $aPUL 852 $aPUL$W1$xSL Filosofia 3$y81$m174. 9 PALLA 2$j140595$qDDC 21$B139704$CPULBib$Z2$F139704 $H114121 $82 941 1 $a9 996 $6020$a978-88-382-4064-5$9(OLS)http://pul/number/144800 996 $6082$a174.9$9(OLS)http://pul/classification/495 996 $6245$aL'interesse del minore tra bioetica e biodiritto$9(OLS)http://pul/title/154193 996 $6260$aRoma :$bStudium$9(OLS)http://pul/publisher/47892 LEADER 01389nam a2200337 a 4500 001 000000173431 003 CaOOAMICUS 005 20200516123259.0 006 a 000 u 008 200516s2019 it u000 u ita r 020 $a978-88-6244-794-2* 032 $aLibriCat 040 $aPUL$bita 082 04$a227 100 1 $aMorocutti, Paolo,$d1975-$0(OLS)http://pul/name/73833 245 13$aLa buona battaglia : $bil combattimento spirituale nelle lettere di Paolo /$cPaolo Morocutti. 260 $aTodi :$bTau Editrice,$c©2019. 300 $a118 p. ;$c21 cm 490 1 $aLogos 504 $aBibliografia in nota a pič pagina. 630 04$aBiblia.$pN.T.$xSpiritualitą.$0(OLS)http://pul/subject/38430 630 04$aBiblia.$pN.T.$pPauli epistolae.$0(OLS)http://pul/subject/37973 830 0$aLogos (Tau editrice).$0(OLS)http://pul/title/212678 850 $aPUL 852 $aPUL$W1$xSL Religione 3$y85$m227 MORPA 1$j197424$qDDC 21$B202208$CPULBib$Z2$F202208 $H134065 $82 941 1 $a9 996 $6020$a978-88-6244-794-2*$9(OLS)http://pul/number/167435 996 $6082$a227$9(OLS)http://pul/classification/522 996 $6245$aLa buona battaglia : $bil combattimento spirituale nelle lettere di Paolo$9(OLS)http://pul/title/214613 996 $6260$aTodi :$bTau Editrice$9(OLS)http://pul/publisher/81367